Pierre Leroux (Record no. 135063)
[ view plain ]
| 000 -LEADER | |
|---|---|
| campo de control de longitud fija | 00461nam a2200145 i 4500 |
| 001 - NÚMERO DE CONTROL | |
| campo de control | 135063 |
| 003 - IDENTIFICADOR DE NÚMERO DE CONTROL | |
| campo de control | ES-MaACL |
| 007 - CAMPO FIJO DE DESCRIPCIÓN FÍSICA--INFORMACIÓN GENERAL | |
| campo de control de longitud fija | t| |
| 008 - DATOS DE LONGITUD FIJA--INFORMACIÓN GENERAL | |
| campo de control de longitud fija | 070706s1904 fr ||||1| fre d |
| 100 1# - ENTRADA PRINCIPAL--NOMBRE DE PERSONA | |
| Nombre de persona | Thomas, Félix. |
| 9 (RLIN) | 110009 |
| 245 10 - MENCIÓN DEL TÍTULO | |
| Título | Pierre Leroux |
| Resto del título | : sa vie, son oeuvre, sa doctrine. Contribution a l'histoire des idës au siècle XIX / |
| Mención de responsabilidad, etc. | Félix Thomas. |
| 260 ## - PUBLICACIÓN, DISTRIBUCIÓN, ETC. | |
| Lugar de publicación, distribución, etc. | Paris : |
| Nombre del editor, distribuidor, etc. | Félix Alcan, |
| Fecha de publicación, distribución, etc. | 1904. |
| 300 ## - DESCRIPCIÓN FÍSICA | |
| Extensión | VI, 340 p. ; |
| Dimensiones | 23 cm. |
| 852 ## - LOCALIZACIÓN | |
| Ubicación | ES-MaACL |
| Número de control de estantería | B-5940 |
| Estatus retirado | Estado de pérdida | Estado de daño | No para préstamo | Biblioteca de origen | Biblioteca actual | Ubicación en estantería | Fecha de adquisición | Fuente de adquisición | Total de préstamos | Signatura topográfica completa | Código de barras | Visto por última vez | Precio de reemplazo | Tipo de ítem Koha |
|---|---|---|---|---|---|---|---|---|---|---|---|---|---|---|
| Biblioteca del Ateneo de Madrid | Biblioteca del Ateneo de Madrid | Sala Pardo Bazán | 17/01/2008 | B-5940 | 1140581 | 23/02/2023 | 23/02/2023 | Libro impreso |
